Statistics for The Grover Cleveland Presidency

Click here to take the quiz!

General Stats

  • This quiz has been taken 25 times
  • The average score is 9 of 18

Answer Stats

HintAnswer% Correct
His home stateNew York
86%
His election opponent that he lost to in 1888 but defeated in 1892Benjamin Harrison
77%
Cleveland was the first President to serve two non-consecutive what?Terms
77%
What he did to bills more than any other President before himHe {vetoed} them
77%
City in the above where he served as mayorBuffalo
68%
State where he was bornNew Jersey
64%
Cleveland was one of two Democrats elected President from 1861 to 1933. Who was the other one?Woodrow Wilson
64%
Cleveland's portrait is on this decommissioned dollar bill{$1000}-dollar bill
59%
His first nameStephen
50%
The name of his daughter, who was falsely believed to be the inspiration for the name of a candy bar.Baby Ruth
50%
Name of his wife (starts with F)Frances
50%
Third party that helped Cleveland get re-elected by winning states in the midwest{Populist} Party
36%
Federal law designed to regulate the railroad industry{Interstate} Commerce Act
36%
Economic crisis that occurred in Cleveland's second termGreat {Panic} of 1893
36%
Cleveland sent federal troops to restore order in this city when railroad workers went on strikeChicago
36%
His Vice PresidentsAdlai Stevenson
27%
His Vice PresidentsThomas A. Hendricks
27%
1892 candidate for the above partyJames Weaver
9%

Score Distribution

Percentile by Number Answered

Percent of People with Each Score

Your Score History

You have not taken this quiz